Statistiques concernant 25 Questions sur l'Espace (QCM)

Cliquez ici pour prendre le quiz!

Statistiques générales

  • Ce quiz a été pris 1 257 fois
  • Le résultat moyen est 11 sur 25

Statistiques - réponses

QuestionRéponse% Correct
Parmi ces classification de planètes, quelle est celle qui correspond à la Terre?Tellurique
88%
Quelle est la plus grande planète du système solaire?Jupiter
85%
L'année-lumière est une unité de...Distance
74%
Quel évènement produit une supernova?L'implosion d'une étoile en fin de vie
73%
Quelle est l'étoile la plus proche du Soleil?Proxima
71%
Qu'est ce qui se trouve au centre de la Voie Lactée?Un trou noir supermassif
69%
Quel élément chimique est le composant majeur du Soleil?Hydrogène
64%
Parmi ces objets céleste, lequel N'EST PAS un satellite naturel?Cérès
57%
À quelle classe d'étoile appartient le Soleil?Naine Jaune
57%
Combien vaut la distance Terre-Soleil? (approximativement)150.000.000 km
53%
Où le Soleil se trouve dans la Voie Lactée?Dans le Bras d'Orion
52%
Quelle est l'étoile la plus brillante dans le ciel nocturne?Sirius
51%
Parmi ces héros de la mythologie grecque, lequel N'A PAS donné son nom à une constellation?Achille
48%
Quelle est la mission du télescope Kepler?Détecter des exoplanètes
43%
Combien existe-t-il de constellations?88
31%
Les premières exoplanètes ont été découvertes en 1990 dans la constellation de/du...La Vierge
31%
Selon les estimations, quand la comète de Halley devrait être visible?2061
30%
Parmi celles-ci, combien sont celles qui furent nommées par Ptolémée?48
26%
Parmi ces noms, lequel ne désigne pas un objet céleste du système solaire?Einstein
25%
Parmi ces constellations, laquelle fait partie de l'écliptique (c'est-à-dire les constellations "traversées" par le Soleil d'un point de vue géocentrique, pour faire simple)?Gémeaux
22%
Qu'est-ce qu'un magnétar?Une étoile
19%
En quelle année fut décidé le lancement de la construction de la Station Spatiale Internationale?1998
18%
Dans quelle constellation se trouve la plus grande étoile de l'univers observable?Bouclier
13%
Quel nom NE désigne PAS une exoplanète?Seth
11%
Parmi ces noms de constellations, laquelle N'EN désigne PAS une?Tigre
8%

Distribution des résultats

Percentile par nombre de réponses

% des personnes avec chaque résultat

Votre développement - résultats

Vous n’avez pas pris ce quiz